The little school : relatos testimoniales /
One of Argentinian's 30.000 "disappeared", Alicia Partnoy, was abducted from her home and taken to a concentration camp where she was tortured, and where many of her friends were killed. She has presented testimony on human rights violations to the United Nation, the Organization of A...
Guardado en:
| Autor Principal: | |
|---|---|
| Otros Autores: | , |
| Formato: | Libro |
| Idioma: | Undetermined |
| Publicado: |
Buenos Aires :
Midnight Editions,
1998.
|
| Edición: | 2a ed. |
| Materias: | |
| Etiquetas: |
Agregar Etiqueta
Sin Etiquetas, Sea el primero en etiquetar este registro!
|
| LEADER | 01199nam a22002655a 4500 | ||
|---|---|---|---|
| 001 | CEM.cems020195 | ||
| 008 | 230609s1998####ag############000#0#und#d | ||
| 005 | 20230612140857.0 | ||
| 245 | 1 | 0 | |a The little school : |b relatos testimoniales / |c Alicia Partnoy; prólogo de Julia Alvarez; ilustrado por Raquel Partnoy. |
| 250 | |a 2a ed. | ||
| 260 | |a Buenos Aires : |b Midnight Editions, |c 1998. | ||
| 300 | |a 142 p. | ||
| 500 | |a Texto en inglés. | ||
| 520 | |a One of Argentinian's 30.000 "disappeared", Alicia Partnoy, was abducted from her home and taken to a concentration camp where she was tortured, and where many of her friends were killed. She has presented testimony on human rights violations to the United Nation, the Organization of American States, human rights organizations in Argentina, and has lectured at universities throughout the United States. | ||
| 020 | |a 9781573440295 | ||
| 100 | 1 | |a Partnoy, Alicia. | |
| 700 | 1 | |a Alvarez, Julia; prol. | |
| 700 | 1 | |a Partnoy, Raquel; ilus. | |
| 082 | 0 | 4 | |a 364.15 |
| 653 | |a Literatura | ||
| 653 | |a Relatos | ||
| 653 | |a Testimonio | ||
| 653 | |a Memorias | ||
| 653 | |a Dictadura | ||
| 859 | |a CEMS |b BIB. CEMS - 11 de abril |h 364.15 |i P258-1 |p 29479.23 |t Ej.1 | ||
